LEADER 00840nam0-22002891i-450- 001 990000109160403321 005 20080718134502.0 035 $a000010916 035 $aFED01000010916 035 $a(Aleph)000010916FED01 035 $a000010916 100 $a20020821d--------km-y0itay50------ba 101 0 $aita 105 $ay-------001yy 200 1 $aKompressorlose Dieselmaschinen$e(druckeinspritzmaschinen)$eein lehrbuch fur studierende$fFriedrich Sass. 210 $aBerlin$cJ. Springer$d1929 215 $aVI, 395 p.$cill.$d28 cm 610 0 $aMotori Diesel 676 $a621.436 700 1$aSass,$bFriedrich$07062 801 0$aIT$bUNINA$gRICA$2UNIMARC 901 $aBK 912 $a990000109160403321 952 $a23 19 E 20$b8068$fFINAG 959 $aFINAG 996 $aKompressorlose Dieselmaschinen$9115672 997 $aUNINA LEADER 00855nam0-22002771i-450 001 990004441600403321 005 20221019093207.0 035 $a000444160 035 $aFED01000444160 035 $a(Aleph)000444160FED01 035 $a000444160 100 $a19990530d1887----km-y0itay50------ba 101 0 $aita 102 $aIT 105 $ay-------001yy 200 1 $a<>pace del 1796 tra le due Sicilie e la Francia$eStudiata sui documenti dell'Archivo di Stato di Napoli$fBenedetto Maresca 210 $aNapoli$cTip. Nicola Jovene$d1887 215 $aVI, 248 p.$d25 cm 700 1$aMaresca,$bBenedetto$0177000 801 0$aIT$bUNINA$gRICA$2UNIMARC 901 $aBK 912 $a990004441600403321 952 $a7/III E 51$bbibl.18972$fFLFBC 959 $aFLFBC 996 $aPace del 1796 tra le due Sicilie e la Francia$9543589 997 $aUNINA